LIBRARY & INFORMATION CENTRE, KCAET, TAVANUR

ONLINE PUBLIC ACCESS CATALOGUE (OPAC)

Design and development of continuous type Coconut splitter (Record no. 17504)

MARC details
000 -LEADER
fixed length control field 00413nam a22001457a 4500
003 - CONTROL NUMBER IDENTIFIER
control field OSt
082 ## - DEWEY DECIMAL CLASSIFICATION NUMBER
Classification number 631.3
Item number PAC/DE
088 ## - REPORT NUMBER
Report number T533
100 ## - MAIN ENTRY--AUTHOR NAME
Personal name Pachangane Alankar Ashok
245 ## - TITLE STATEMENT
Title Design and development of continuous type Coconut splitter
260 ## - PUBLICATION, DISTRIBUTION, ETC. (IMPRINT)
Place of publication KCAET, Tavanur
Name of publisher Department of farm machinery and power engineering
Year of publication 2022
300 ## - PHYSICAL DESCRIPTION
Number of Pages 95 pages
700 ## - ADDED ENTRY--PERSONAL NAME
Personal name Shivaji K P (guide)
942 ## - ADDED ENTRY ELEMENTS (KOHA)
Koha item type Theses
Holdings
Collection code Home library Current library Shelving location Full call number Accession Number Koha item type Public note
Reference KAUAET KAUAET Reference 631.3 PAC/DE T 533 Theses M.Tech Thesis
free website counter